000 00339nam a2200157Ia 4500
100 _aGajjar/Dhiren
650 _aChemistry
942 _cBK
654 _aChemistry
245 _aApplied Chemistry II
260 _bStudents book depot
_aNew york
_c1992
082 _a660-076
_bSHA
300 _a167
546 _aENGLISH
999 _c30231
_d30231